[Event "Match 77__120'/40"]
[Site "Zürich"]
[Date "2024.??.??"]
[Round "21"]
[White "Super Forte C 6 MHz sel. 4"]
[Black "Mephisto Polgar sel. 5"]
[Result "0-1"]
[WhiteElo "2009"]
[BlackElo "1981"]
[Annotator "Utzinger,K"]
[PlyCount "163"]
[EventDate "2024.??.??"]
[SourceVersionDate "2024.04.21"]

{[%evp 0,163,19,31,19,23,28,-18,40,5,18,11,12,10,-2,-25,5,-27,-33,-19,-29,-29,-35,-33,-28,-36,-36,-36,-44,-82,-14,-37,-40,-40,-37,-78,-54,-47,-80,-69,-47,-31,-54,-53,-20,-21,-20,-36,-20,-20,19,14,20,15,16,15,58,100,87,49,52,42,42,42,30,-26,-39,-131,-96,-209,-216,-284,-311,-315,-315,-342,-265,-267,-262,-255,-259,-271,-262,-444,-560,-1136,-100,-228,-227,-228,-227,-266,-297,-378,-378,-227,-439,-482,-439,-560,-271,-423,-194,-247,-383,-404,-393,-453,-373,-357,-403,-412,-236,-241,-251,-305,-251,-236,-218,-450,-215,-231,-210,-236,-210,-263,-252,-251,-251,-251,-251,-253,-253,-263,-253,-263,-253,-263,-263,-263,-263,-302,-302,-716,-926,-952,-952,-1011,-1312,-1459,-1012,-1489,-791,-830,-1002,-1022,-1022,-1022,-1032,-29987,-29988,-29989,-29988,-29989,-29990,-29991]} 1. d4 d5 {Match 120'/40 | Bediener: Rolf Bühler | 21. Partie: Schwarz (Mephisto Polgar) gewinnt | Zwischenstand: 10,5-10,5 (50%) Gleichstand; hypothetisch: 10,5--10,5 (50%) Gleichstand | Buchzüge total: Super Forte C = 236, Mephisto Polgar = 216 | Mit seiner Slawischen Verteidigung von Schwarz (Polgar) entbrennt ein ausgeglichener Kampf. Frühzeitig wird viel Holz getauscht. Der erste und auch letzte Verlustzug produziert der Super Forte C. Und einmal mehr fällt die Entscheidung in einem Turmendspiel. Hier hat Schwarz (Mephisto Polgar) mit seinen beiden Mehr- bzw. Freibauern auf der h- und g-Linie gewonnenes Spiel, vermag aber den Sieg nach mehreren verpassten Gewinnchancen nur mühsam und mit gegnerischer Hilfe holen.} 2. Nf3 Nf6 3. c4 c6 4. Nc3 dxc4 5. e4 b5 6. e5 Nd5 7. a4 e6 8. axb5 Nxc3 9. bxc3 cxb5 10. Ng5 Bb7 11. Qh5 g6 12. Qg4 Be7 13. Be2 {***ENDE BUCH***} Bd5 {***ENDE BUCH***} 14. Rb1 {Eine Neuerung, sind doch 14.Lf3 oder 14.0-0 oder 14.Se4 oder 14.h4 die üblichen Züge, wobei die Gewinnquoten für all diese Fortsetzungen unter 50% liegen.} Qa5 (14... h5 $1 $17) 15. O-O Qxc3 16. Rxb5 Nc6 17. Bb2 Qd2 (17... Qc2 {ist folgerichtiger}) 18. Ne4 {Nun muss die schwarze Dame ein Tempo verlieren oder Schwarz müsste zum unliebsamen 18...Lxe4?! greifen.} Qc2 19. Nc3 h5 20. Qf4 Nb4 $17 {Schwarz steht besser} 21. Ba1 a6 22. Rb6 {Der weisse Turm verzettelt sich und steht auf b6 nicht gut.} (22. Ra5 {verdient auf jeden Fall den Vorzug.}) 22... g5 $5 {Der Mephisto Polgar greift zur Brechstange. So sind 22...0-0 oder 22...a5 sehr gut und weniger gefährlich, auch wenn es scheint als könnte Schwarz die Schwächung seines Königsflügels verkraften, da die weissen Figuren wenig koordiniert sind.} 23. Qe3 Qf5 24. Qc1 Nd3 $2 {Mehr als fragwürdig und erlaubt dem Gegner, seine Stellung nicht nur in Ordnung zu bringen, sondern gar etwas Vorteil zu erlangen.} 25. Qc2 (25. Bxd3 Qxd3 26. Nxd5 exd5 27. Bc3 Qf5 28. Rb7 $14) 25... Nf4 {Die kurze Rochade verdient den Vorzug.} 26. Qxf5 exf5 27. Nxd5 Nxe2+ 28. Kh1 Rd8 (28... Rc8 $1 {verdient klar den Vorzug}) 29. Nc7+ Kd7 30. Nxa6 Ra8 31. Rb7+ Kc6 32. Rxe7 Rxa6 $11 {Die Stellung befindet sich im Gleichgewicht.[#]} 33. Rxf7 $2 {[%mdl 2] Das ist ein spielentscheidender taktischer Fehler. Richtig war das Öffnen eines Loches für den König mit 33.h4 oder noch stärker 33.d5+! mit einer allerdings für Oldies zu tief versteckten Ausgleichsvariante.} Rha8 $1 {Nun hat Weiss den Dreck, denn der doppelt angegriffene Läufer wird verlorengehen.} 34. Rf6+ Kd5 35. Rd6+ (35. Rxa6 {löst die Probleme ebenso wenig} Rxa6 36. Re1 c3 37. Bxc3 Nxc3 $19 {und gewinnt}) (35. Bb2 c3 36. Bc1 Ra1 $19 {und gewinnt}) 35... Rxd6 36. exd6 Kxd6 {Noch herrscht materielles Gleichgewicht. Doch ist der schwarze Freibauer c3 tödlich für Weiss.} 37. Re1 Ra2 (37... c3 $19 {gewinnt ebenfalls}) 38. g3 Kc6 $6 {Schwer verständlich, was den Mephisto Polgar davon abhält, mit 38...c3 zu gewinnen.} 39. Kg2 g4 40. Kf1 Kd5 41. Rxe2 Rxa1+ 42. Re1 {[#] Nun kann Schwarz durch Turmtausch 42...Txe1 43.Kxe1 Kxd4 ein leicht gewonnenes Bauernendspiel erreichen.} Ra3 {Der Mephisto Polgar verpasst den Übergang ins Bauernendspiel. Zum Glück ist seine Stellung aber auch nach dem Textzug noch gewonnen.,} (42... Rxe1+ 43. Kxe1 Kxd4 44. Kd2 c3+ 45. Kc2 Kc4 46. Kc1 Kd3 47. Kd1 c2+ 48. Kc1 Kc3 49. f4 gxf3 50. h3 f2 51. g4 f1=Q#) 43. Ke2 (43. Rd1 Rd3 $19) 43... Kxd4 44. Rd1+ Ke4 45. Rd8 Ra2+ 46. Ke1 c3 47. Rc8 Kd3 48. Rd8+ Kc2 49. Rc8 Ra1+ {Das verlängert den systematischen Gewinnweg wesentlich. Dieser besteht darin, den schwarzen Turm nach b3 zu führen und den c3-Bauern zu decken. Danach begibt sich der König nach c1, lässt c3-c2 und Kb1 folgen. Die Bauernumwandlung ist dann gesichert.} (49... Rb2 50. Rc5 Rb3 51. Ke2 Kc1 52. Rxf5 c2 53. Rxh5 Kb1 54. Rc5 c1=Q 55. Rxc1+ Kxc1) 50. Ke2 Rh1 51. Rf8 Kb2 52. Rb8+ Kc1 53. Kd3 Rxh2 54. Rc8 Rxf2 55. Rxc3+ Kb2 {Dieses Turmendspiel mit zwei Bauern mehr ist für Schwarz natürlich gewonnen.} 56. Rc5 Rf3+ 57. Kd2 Kb3 58. Ke2 Kb4 59. Re5 Rxg3 60. Rxf5 {[#]} h4 $2 {[%mdl 32768] Vermasselt die Partie im letzten Moment noch zum Remis. Einmal mehr zeigt sich, wie wichtig das Erlernen von grundsätzlichen Stellungen im Turmendspiel sind.} (60... Rh3 61. Kf2 Kc4 62. Kg2 Kd4 63. Ra5 Ke4 64. Rb5 Kf4 65. Ra5 Rg3+ 66. Kh2 Rb3 $1 {gibt den h5-Bauer auf} 67. Rxh5 Rb2+ 68. Kg1 Kg3 69. Kf1 Rb1+ 70. Ke2 Kg2 71. Rg5 g3 72. Rg8 Rb7 73. Kd2 Re7 {schneidet den weissen König vom Kampfgeschehen ab} 74. Rg6 Kf2 75. Rf6+ Kg1 76. Rg6 g2 77. Rg8 Re5 {Beginn des "Brückenbaus"} (77... Rh7 {gewinnt ebenfalls} 78. Ke2 Kh1 79. Kf2 Rf7+ 80. Ke2 g1=Q) 78. Kd3 Kf2 79. Rf8+ Kg3 80. Rg8+ Kf3 81. Rf8+ Kg4 82. Rg8+ Rg5 $19) 61. Kf2 $2 {[%mdl 2] Verlustzug, weil auch Weiss kein Basiswissen für Turmendspiele hat.} (61. Rf4+ $1 {ist der einzige Zug, der Remis macht} Kc5 62. Kf2 $1 {Nun kann der schwarze Turm wegen Txg4 nicht mehr ziehen; und auch h4-h3 geht wegen Kxg3 nicht.} Kd5 63. Ra4 {Der schwarze König bleibt auf der 5. Reihe abgeschnitten; ...h3 geht nicht, also} Rf3+ {aber nach} 64. Ke2 $1 {ist der g4-Bauer wieder angegriffen, der nicht vorrücken darf, so dass die Partie nach} Rg3 65. Kf2 {Remis bleibt.}) 61... Kc4 $2 {[%mdl 32768] Vermasselt die Partie erneut zum Remis.} (61... Rc3 $1 {ist der einzige Zug, der gewinnt, weil 62.Tf4+ Tc4 möglich ist.} 62. Rf4+ (62. Rh5 g3+ 63. Kg2 Rc2+ 64. Kg1 Rc4 65. Kg2 Kc3 66. Rh8 Kd2 67. Rd8+ Ke3 68. Re8+ Kf4 69. Rf8+ Ke5 70. Re8+ Kf6 71. Kh3 Rc1 72. Rg8 Rh1+ 73. Kg2 Rh2+ 74. Kf3 Kf5 75. Rf8+ Kg5 76. Rg8+ Kh6 77. Rh8+ Kg7 78. Rh5 Kf6 79. Rh8 g2 80. Kf2 h3 81. Rh6+ Kg5 82. Ra6 Rh1 83. Ra5+ Kf4 84. Ra4+ Ke5 $19 {und jetzt läuft der König dem Turm entgegen, bis jener kein Schachgebot mehr hat.}) 62... Rc4 63. Rf8 g3+ $1 ({aber ja nicht} 63... h3 $2 {weil der König sich zwischen die Bauern stellen kann} 64. Kg3 {und Schwarz kann keine Fortschritte mehr erzielen.}) 64. Kf3 Rc3+ 65. Kg2 Rc2+ 66. Kg1 (66. Kh3 Rh2+ 67. Kg4 g2 $19) (66. Kf3 Rf2+ 67. Kg4 Rxf8 $19) 66... h3 {Erst jetzt darf auch der zweite Bauer vorgerückt werden; es droht Matt auf der Grundreihe und die Umwandlung eines Bauern lässt sich nicht mehr verhindern.} 67. Rb8+ Ka5 $1 {Der König läuft dem Turm entgegen, bis jener kein Schach mehr hat.} 68. Ra8+ Kb6 69. Rb8+ Kc7 {Wegen der Doppeldrohung ...Kxb8 und ...Tc1 Matt ist die Antwort erzwungen:} 70. Rb1 Kd6 71. Re1 Kd5 72. Ra1 Ke4 73. Ra4+ Kd3 74. Ra3+ Rc3 75. Ra1 Ke3 76. Rd1 Kf3 77. Rf1+ Kg4 78. Ra1 h2+ 79. Kg2 Rc2+ 80. Kh1 Kh3 $19) 62. Rf8 $2 {[%mdl 2] Verlust statt Remis durch 62.Tf4+ wie schon gezeigt.} Kd5 63. Rd8+ (63. Rf4 {kommt jetzt zu spät} Ke6 64. Re4+ Kf5 65. Re8 Rf3+ 66. Kg2 h3+ 67. Kh2 Rf2+ 68. Kg1 Ra2 $19) 63... Ke5 64. Re8+ Kf5 65. Rf8+ Ke4 66. Re8+ Kd4 67. Rd8+ Kc5 68. Rc8+ Kd6 69. Rd8+ Ke6 70. Rg8 Rf3+ 71. Ke2 Kf5 72. Rf8+ Ke4 73. Rh8 h3 74. Rh7 Ra3 75. Kf1 Ra1+ 76. Kf2 h2 77. Rxh2 Ra2+ 78. Kg3 Rxh2 79. Kxg4 (79. Kxh2 {ist ebenso hoffnungslos} Kf3 80. Kg1 Kg3 81. Kf1 Kh2 {und der Bauer läuft durch.}) 79... Rg2+ 80. Kh3 Kf3 81. Kh4 Rg1 82. Kh5 {***AUFGEGEBEN***} 0-1

[Event "Match 77__120'/40"]
[Site "Zürich"]
[Date "2024.??.??"]
[Round "22"]
[White "Mephisto Polgar sel. 5"]
[Black "Super Forte C 6 MHz sel. 4"]
[Result "0-1"]
[WhiteElo "1981"]
[BlackElo "2009"]
[Annotator "Utzinger,K"]
[PlyCount "159"]
[EventDate "2024.??.??"]
[SourceVersionDate "2024.04.21"]

{[%evp 0,159,31,21,21,31,21,1,26,3,2,-18,-4,-3,-13,-13,-18,-18,-18,-17,-13,-29,-22,-20,-25,-20,-3,-29,-29,-51,-30,-58,-21,-29,-10,-21,-21,-32,18,13,18,-22,0,-9,-15,0,0,0,37,31,16,33,52,56,149,42,66,23,37,-5,-13,-30,17,17,131,131,154,154,186,180,151,141,252,230,225,225,230,230,246,184,186,134,125,168,104,108,205,81,122,-89,-78,-78,0,-93,-49,-502,-471,-471,-471,-502,-1046,-1046,-1046,-1046,-1119,-1174,-1174,-1174,-1217,-1211,-1215,-1215,-1215,-1221,-1221,-1221,-1221,-1221,-496,-496,-496,-528,-529,-529,-521,-591,-591,-630,-630,-630,-516,-516,-514,-538,-532,-545,-538,-590,-590,-590,-592,-603,-549,-567,-557,-636,-661,-659,-649,-1011,-1011,-29967,-29960,-29971,-29972,-29975,-29976,-29979,-29980,-29981,-29982,-29983]} 1. e4 e5 {Match 120'/40 | Bediener: Rolf Bühler | 22. Partie: Schwarz (Super Forte C) gewinnt | Zwischenstand: 11,5-10,5 (52,2%) für Super Forte C; hypothetisch: 11,5--10,5 (52,2%) für Mephisto Polgar | Buchzüge total: Super Forte C = 253, Mephisto Polgar = 228 | Mit dem Spanischen Mittelgambit überspielt das Programm von Ed Schröder den Gegner völlig. Aber welches Drama: Der Mephisto Polgar kann den Sack nicht zumachen und muss trotz zwei Mehrbauern dem Gegner den Ausgleich zugestehen, bzw. wegen seiner arg geschwächten Stellung sogar aufpassen. Und prompt läuft der Mephisto Polgar in einen Gegenangriff. Der Super Forte C holt sich alles Material zurück und verbleibt am Ende mit dem Plus einer Leichtfigur. Der Gewinn gestaltet sich dann einfach.} 2. Nf3 Nc6 3. Bb5 a6 4. Ba4 Nf6 5. d4 {Das so genannte Spanische Mittelgambit. Gemäss Dr. Max Euwe in "Theorie der Schacheröffnungen" löst dieser Aufzug die Spannung in der Mitte etwas zu früh auf, so dass Schwarz klaren Ausgleich erreicht, obwohl er immerhin genau spielen muss.} exd4 6. O-O (6. e5 {ist ungefährlich für Schwarz} Ne4 7. O-O Nc5 $15) 6... Be7 (6... Bc5 {ist zugunsten von Weiss nach} 7. e5 Ng4 (7... Nd5 8. c3 $16) 8. Bg5 $14) 7. e5 (7. Re1 {bringt Weiss nichts ein} b5 8. e5 Nxe5 9. Nxe5 bxa4 10. Qxd4 O-O 11. Qxa4 $11) 7... Ne4 8. Nxd4 (8. Re1 {gilt als weniger stark} Nc5 $15) 8... O-O 9. Nf5 d5 10. Bxc6 bxc6 11. Nxe7+ Qxe7 12. Re1 {***ENDE BUCH***} Re8 {Schwarz ist noch immer im Buch.} 13. f3 Nd6 14. Bf4 Nf5 15. Nc3 Rb8 16. Rb1 Be6 (16... h6 17. h3 (17. Qd2 $1 $11) 17... Rb4 $15 {½-½ (50) Malinovsky,K (2216)-De Jong,J (2254) Olomouc 2003}) 17. Qd3 Qb4 {***ENDE BUCH***} 18. Ne2 $15 {Deckt den Lf4 und lässt den Damentausch mit ...Dd4+ nicht zu. Schwarz steht nun eine Spur besser und könnte seinen geringen Vorteil behaupten, wenn er positionell begründet auf die stärkere Kontrolle des Zentrums gespielt hätte.} Qa4 $6 $14 {Ein primitiver, aber typischer Computerzug aus der guten alten Zeit: Der a6-Bauer wird gedeckt und gleichzeitig der weisse Bauer a2 angegriffen. Sinnvoller war 18...Db6+ gefolgt von ...c5 usw.} (18... Qb6+ 19. Kh1 c5 $15) 19. b3 Qa3 $14 {Alle anderen Felder b5, a5, b4 waren exakter. Der Bauer a2 darf nicht geschlagen werden.} (19... Qxa2 $4 20. Ra1 Qb2 21. Reb1 Qxb1+ 22. Rxb1 $18) 20. Nc3 $11 (20. g4 {Stark postierte Figuren sollten vertrieben werden.} Ne7 21. Qd2 $14) 20... Qb4 21. Bd2 Qd4+ 22. Kh1 Bd7 23. f4 a5 24. Ne2 Qc5 {Offenbar ist es dem Super Forte C wohler, die Damen noch auf dem Brett zu haben.} 25. Bc3 Rbd8 {Ein etwas mysteriöser Turmzug, steht der Turm auf d8 doch eher schlechter als auf b8.} 26. Rbd1 Qa3 $2 {Das Programm von David Kittinger hat mit seiner Dame in dieser Partie keine glückliche Hand. Der Bauer a2 ist noch immer tabu. Nach dem Textzug überlässt der Super Forte C Weiss die klar bessere Stellung.} 27. Nc1 $6 {Fast erwartungsgemäss findet der Mephisto Polgar nicht die beste Fortsetzung und muss sich wieder mit Ausgleich zufriedengeben.} (27. g4 $1 {Stockfish 16.1 zeigt einen Erwartungswert von 99% für Weiss (+99% =1% -0%) bzw. eine Stellungsbewertung von +- 1.89 mit folgender Variante} Nh4 28. Qg3 d4 {Noch die beste Verteidigung.} (28... Ng6 $2 29. f5 $18) (28... Qe7 29. f5 $18 {und der weisse Vorteil ist erdrückend.}) 29. Rxd4 c5 30. Rxd7 Rxd7 31. Qxh4 Qxa2 32. e6 fxe6 (32... Rxe6 $2 33. f5 $18) 33. Qh5 Red8 34. Qxc5 Qxc2 35. Qc4 Rd5 36. Ng1 c5 37. Rxe6 $18) 27... a4 $6 {Gut und ausgleichend war 27...h5, um die starke Stellung des Sf5 zu festigen.} 28. Qd2 $11 {Aber Weiss geht an seinem Glück vorbei, indem er 28.g4 mit klarem Vorteil verpasst.} axb3 29. cxb3 (29. Nxb3 {ist genauer} h5 $11) 29... Qa7 $1 $15 {Ein starker Verteidigungs- und Angriffszug, der auch d5-d4 unterstützt. Schwarz steht leicht besser.} 30. b4 $2 $17 {Das ist nicht gut, wird aber nicht bestraft.} Ra8 $6 $11 {Es geht bedeutend besser.} (30... c5 $1 31. Qxd5 cxb4 32. Bd4 (32. Bxb4 Ne3 $17) 32... Qa6 $17 {ist klar zugunsten von Schwarz.}) 31. Bb2 $11 {[#]} Re6 $2 $19 {[%mdl 2]} (31... h5 $1 $11 {sichert die starke Stellung des Sf5.}) 32. g4 {Jetzt gerät Schwarz in Teufels Küche.} Nh4 {Die Alternativen sind nicht günstiger:} (32... Ne7 33. f5 Rh6 34. Bd4 Qb8 35. e6 $1 fxe6 36. Bxg7 $1 Kxg7 37. Qg5+ Ng6 38. f6+ Kg8 39. Qxh6 $18) (32... Nh6 33. f5 Ree8 (33... Re7 34. Qg5 $18) 34. e6 $1 fxe6 (34... Bc8 35. Qg5 {Matt in 10}) 35. Qg5 d4 $8 36. Bxd4 Qxd4 37. Rxd4 $18) 33. f5 {Der weisse Angriff spielt sich fast von selbst.} Re7 34. Bd4 c5 35. Qg5 $1 {Zug um Zug sitzt.} f6 36. Qxh4 cxd4 37. exf6 Rxe1+ 38. Rxe1 Re8 39. Rxe8+ Bxe8 40. Qe1 $6 {Vergibt die Hälfte des weissen Vorteils.} (40. Qg5 $1 {ist deutlich stärker} c6 41. Qxg7+ Qxg7 42. fxg7 Kxg7 43. Kg2 Kf6 44. Nd3 $18 {und Schwarz ist in diesem Endspiel hoffnungslos verloren.}) 40... Bf7 41. fxg7 Qa3 42. Nb3 {Gemäss Stockfish 16.1 verdient 42.Kg2 den Vorzug, was seine Bewertung von über + 4.00 bestätigt. Aber der Textuzug ist ebenfalls noch gut genug für den Sieg.} d3 (42... Qxa2 {wird beantwortet mit} 43. Qe7 {droht Matt auf f8} Kxg7 44. Nc5 Qb1+ 45. Kg2 Kg8 (45... Qxb4 46. Ne6+ {und Schwarz wird mattgesetzt}) 46. Qd8+ Kg7 47. Qxc7 Qb2+ 48. Kh3 Qc3+ 49. Kh4 Qe1+ 50. Qg3 Qxb4 51. f6+ Kh8 52. Nd3 Qf8 53. Qf4 Bg6 54. g5 $1 Kg8 55. Qxd4 Qd8 56. Ne5 $18 {mit einer Bewertung von +- 8.39 für Weiss gemäss Stockfish 16.1, wobei für unsere Oldies das bestimmt noch nicht klar wäre.}) 43. Qd2 $2 {[%mdl 32768] Nach dieser Ungenauigkeit hat Weiss nur noch geringen Vorteil. Gewonnen hätten 43.De7 sowie 43.f6 ohne Rettungschancen für Schwarz.} d4 44. f6 Qa8+ 45. Kg1 Qf3 46. g5 Bd5 {[#] Schwarz ist es gelungen, durch die Batterie von Läufer und Dame auf der schönen Diagonale a8-h1 absolut genügend Kompensation für seine beiden Bauern zu erhalten. Und Weiss muss wegen seinem bloss stehenden König gar aufpassen, nicht ins Fettnäpfchen zu treten.} 47. Nxd4 $2 {[%mdl 32770] Auf einen Schlag wendet sich das Blatt, denn nun ist es gar Schwarz, der gewinnen kann.} ({Stockfish 16.1:} 47. f7+ $1 {sichert den Ausgleich} Bxf7 48. Qf2 Qe3 49. Kf1 Qe4 50. Nd2 Qe7 51. h4 Qxb4 52. Qf4 Qa4 53. Kg1 Kxg7 54. Qf6+ Kf8 55. Qh8+ Bg8 56. Qf6+ Bf7 {[%eval 0,56] [%wdl 2,996,2]}) 47... Qh1+ 48. Kf2 Qxh2+ 49. Ke3 {Erzwungen, sonst wird Weiss mattgesetzt.} Qg3+ 50. Nf3 {erneut erzwungen} Qxf3+ 51. Kd4 Qe4+ 52. Kc3 Qc4+ 53. Kb2 Qxa2+ {Furchtbar, wie die schwarzen Figuren wüten.} 54. Kc3 Qb3+ 55. Kd4 Qc4+ {Nur der guten Ordnung halber: Stockfish 16.1 zeigt ein Matt in 25 Zügen an.} 56. Ke3 Qe4+ 57. Kf2 Qg2+ 58. Ke3 Qxg5+ 59. Kxd3 Qxf6 $19 {Schwarz ist nun mit einer Leichtfigur im Plus.} (59... Qxd2+ {gewinnt ebeso einfach} 60. Kxd2 Kf7 61. Ke3 Kxf6 62. Kd4 Be6 63. Ke4 Kxg7 $19) 60. Kc2 Be4+ 61. Kb3 Kxg7 {Mit dem materiellen Vorteil von Läufer+Bauer hat Schwarz nun einfaches Spiel und kann schon fast nach Belieben gewinnen.} 62. b5 h5 63. Qh2 Bd5+ 64. Kc2 Bf7 65. Qxc7 Qf5+ 66. Kd1 Qxb5 67. Qg3+ Kf6 68. Qh4+ Qg5 69. Qd4+ Qe5 70. Qf2+ Ke6 71. Qf3 Bg6 72. Qf2 Qe4 73. Qb6+ Kf5 74. Qc5+ Kf4 75. Qf2+ Qf3+ 76. Ke1 Qxf2+ 77. Kxf2 {Da der schwarze Läufer das Umwandlungsfeld h1 beherrscht, kann Weiss den Verlust nicht vermeiden.} Be4 78. Ke2 h4 79. Kd2 h3 80. Kc3 {***AUFGEGEBEN***} 0-1